LEADER 03487nam 2200793 a 450 001 9910791920003321 005 20230207232849.0 010 $a1-78170-160-1 010 $a1-84779-234-0 024 7 $a10.7765/9781847792341 035 $a(CKB)2560000000085823 035 $a(EBL)1069616 035 $a(OCoLC)818847364 035 $a(SSID)ssj0000712810 035 $a(PQKBManifestationID)12229355 035 $a(PQKBTitleCode)TC0000712810 035 $a(PQKBWorkID)10650330 035 $a(PQKB)10462582 035 $a(StDuBDS)EDZ0000086954 035 $a(MiAaPQ)EBC1069616 035 $a(Au-PeEL)EBL1069616 035 $a(CaPaEBR)ebr10623309 035 $a(CaONFJC)MIL843769 035 $a(DE-B1597)659238 035 $a(DE-B1597)9781847792341 035 $a(EXLCZ)992560000000085823 100 $a20090306d2008 uy 0 101 0 $aeng 135 $aur|n|---||||| 181 $ctxt 182 $cc 183 $acr 200 10$aMight, right, prosperity and consent$b[electronic resource] $erepresentative democracy and the international economy, 1919-2001 /$fHelen Thompson 210 $aManchester $cManchester University Press$dc2008 215 $a1 online resource (305 p.) 300 $aDescription based upon print version of record. 311 $a0-7190-7750-8 320 $aIncludes bibliographical references and index. 327 $a9780719077500; 9780719077500; COPYRIGHT; Contents; Preface; Introduction; 1 The modern democratic nation-state; 2 The crises of the inter-war years; 3 The Bretton Woods rescue; 4 Crises and non-crises: financial liberalisation and the end of the Cold War; 5 Conclusions; Bibliography; Index 330 $aThis book offers an original analysis of the problem of the authority of the state in democracies. Unlike many discussions of democracy that treat authority as a problem primarily of domestic politics or normative values, this book puts the international economy at the centre of the analysis.This volume shows how changes in the international economy from the inter-war years to the end of the twentieth century impacted upon the success and failures of democracy. It makes the argument by considering a range of different cases, and it traces the success and failure of democracies over the past ce 606 $aRepresentative government and representation$xHistory 606 $aRepresentative government and representation$xEconomic aspects 606 $aDemocracy$xHistory$y20th century 606 $aDemocracy$xEconomic aspects 606 $aPower (Social sciences)$xHistory$y20th century 610 $aauthority. 610 $acomparative analysis. 610 $ademocracies. 610 $adeveloped countries. 610 $adeveloping countries. 610 $adomestic politics. 610 $ainter-war years. 610 $ainternational economy. 610 $anormative values. 610 $astate. 615 0$aRepresentative government and representation$xHistory. 615 0$aRepresentative government and representation$xEconomic aspects. 615 0$aDemocracy$xHistory 615 0$aDemocracy$xEconomic aspects. 615 0$aPower (Social sciences)$xHistory 676 $a321.8 700 $aThompson$b Helen$f1966 June 13-$01519011 801 0$bMiAaPQ 801 1$bMiAaPQ 801 2$bMiAaPQ 906 $aBOOK 912 $a9910791920003321 996 $aMight, right, prosperity and consent$93756877 997 $aUNINA LEADER 01528nam0 22003371i 450 001 UON00486572 005 20231205105313.126 100 $a20180307d1995 |0itac50 ba 101 $aita 102 $aIT 105 $a|||| ||||| 200 1 $aStrade ferrate$ela tematica del treno e della ferrovia nei testi di Jules Verne, Gabriele d'Annunzio, Gabriel García Márquez e parecchi altri scrittori$fPierluigi Pellini, Marina Polacco, Paolo Zanotti$gcon una introduzione di Remo Ceserani 210 $aPisa$cNistri-Lischi$d1995 215 $a207 p.$d21 cm. 410 1$1001UON00481876$12001 $aˆLa ‰Porta di Corno$v10 606 $aD'ANNUNZIO GABRIELE$3UONC038911$2FI 606 $aLetteratura$xSEC. 19.-20.$xTema del treno$xSaggi$3UONC093256$2FI 606 $aVERNE JULES$3UONC074598$2FI 620 $aIT$dPisa$3UONL000055 676 $a809.933$cLetteratura con specifiche caratteristiche. Su temi e soggetti specifici$v21 700 1$aPELLINI$bPierluigi$3UONV184155$0223278 701 1$aPOLACCO$bMarina$3UONV227628$0176217 701 1$aZANOTTI$bPaolo$3UONV238441$0207725 702 1$aCeserani$bRemo$3UONV051752 712 $aNistri-Lischi$3UONV261786$4650 801 $aIT$bSOL$c20250912$gRICA 899 $aSIBA - SISTEMA BIBLIOTECARIO DI ATENEO$2UONSI 912 $aUON00486572 950 $aSIBA - SISTEMA BIBLIOTECARIO DI ATENEO$dSI FS 06617 $eSI FP 12426 5 996 $aStrade ferrate$91741009 997 $aUNIOR